East Asia Flag Quiz - Statistics

General Stats
  • This quiz has been taken 1,164 times
  • The average score is 5 of 6
Answer Stats
Picture Answer % Correct
China
99%
Japan
92%
South Korea
90%
Taiwan
85%
North Korea
84%
Mongolia
73%
No matching quizzes found
Score Distribution
Percent of People with Each Score
Percentile by Number Answered
Your Score History
You have not taken this quiz